| 000 | 00777nam a22002057a 4500 | ||
|---|---|---|---|
| 999 |
_c8424 _d8424 |
||
| 003 | AR-CdUCM | ||
| 008 | 190325b ||||| |||| 00| 0 spa d | ||
| 040 |
_aMUNICIPALIDAD PROVINCIAL DEL CUSCO _cBIBLIOTECA MUNICIPAL DEL CUSCO |
||
| 082 |
_a370.943 / _bSA16 |
||
| 100 |
_aSalas Rodriguez J. Wilbert _923646 |
||
| 245 | _aLos principios filosóficos de la nueva educación / | ||
| 260 |
_aCusco : _bRozas Sucs, _c1947. |
||
| 300 |
_a68 paginas ; _c21 cm. |
||
| 505 | _aContenido :Introducción -- La nueva educación -- Escuela antigua y escuela nueva -- Los principios filosóficos de la nueva educación -- Conclusiones. | ||
| 650 |
_aNueva educación _923647 |
||
| 650 |
_aEscuela antigua _923648 |
||
| 650 |
_aEscuela nueva _923649 |
||
| 942 |
_2ddc _cLIBROS |
||
| 945 | _awnts | ||